000 00363nam a2200145 a 4500
008 020221s1972||||xx 0 und c
040 _aSNK
_bslo
_cSNK
_eAACR2
100 1 _aLoukotková, Jarmila
245 1 0 _aNavzdory básník spívá
260 _aPraha
_bČeskoslovenský spisovateľ
_c1972
300 _a498 s.
044 _aCZ
041 _acze
020 _c58
999 _c11255
_d11255